| 000 | 00531nam a22001697a 4500 | ||
|---|---|---|---|
| 003 | NUST - PNEC | ||
| 005 | 20170116180859.0 | ||
| 008 | 150901b xxu||||| |||| 00| 0 eng d | ||
| 020 | _a0074600036 | ||
| 040 | _cLIBRARY | ||
| 082 | _a620 AGA | ||
| 100 |
_96192 _aAgarwal, R S |
||
| 245 |
_aAdvances in mechanical engineering : proceedings of the Seventh ISME Conference on Mechanical Engineering, New Delhi, February 1-3, 1990 _cR S Agarwal |
||
| 260 | _cc.1990 | ||
| 650 |
_96193 _aMechanical engineering _xME |
||
| 942 |
_2ddc _cBK |
||
| 999 |
_c64899 _d64899 |
||